| 000 | 00791nam a22002531a 4500 | ||
|---|---|---|---|
| 001 | 20585 | ||
| 003 | BD-RjUL | ||
| 005 | 20211209000602.0 | ||
| 008 | 140301s1967 enk b 000 0 eng d | ||
| 035 | _a(BD-RjUL)20647 | ||
| 040 |
_aNZOC _beng _cNZOC _dNZOC _dBD-RjUL |
||
| 041 | _aeng | ||
| 082 | 0 | 4 |
_a821.4 _bPOE 1967 |
| 245 | 0 | 0 |
_aPoetry of the landscape and the night : _btwo eighteenth-century traditions / _cedited by Charles Peake. |
| 260 |
_aLondon : _bArnold, _c1967. |
||
| 300 |
_a191 p. ; _c21 cm. |
||
| 504 | _aIncludes bibliographical references. | ||
| 650 | 0 |
_aEnglish poetry _y18th century. _952039 |
|
| 650 | 0 |
_aNature _xPoetry. _963519 |
|
| 650 | 0 |
_aNight _xPoetry. _963520 |
|
| 700 | 1 |
_aPeake, Charles,. _960444 |
|
| 942 |
_2ddc _cBK |
||
| 999 |
_c20585 _d20585 |
||